000
00312nam a2200133Ia 4500
005
20260328104327.0
008
260328s9999||||xx |||||||||||||| ||und||
100
_a
Brown, Tim
245
0
_a
Change by Design /
_c
Tim Brown
260
_b
Harper
300
_a
264 p.
650
_a
DISEÑO INDUSTRIAL
942
_c
BK
999
_c
11574
_d
11574